Responses of clones and seedlings to stimulation in large-scale variety trials (Record no. 66880)

MARC details
000 -LEADER
fixed length control field 00416nam a2200133Ia 4500
100 ## - MAIN ENTRY--AUTHOR NAME
Personal name Ho C Y
245 #0 - TITLE STATEMENT
Title Responses of clones and seedlings to stimulation in large-scale variety trials
260 ## - PUBLICATION, DISTRIBUTION, ETC. (IMPRINT)
Name of publisher Proceedings of the RRIM Planters Conference, Kuala Lumpur, 1973; p101-121
650 ## - SUBJECT ADDED ENTRY--TOPICAL TERM
Topical Term DRC latex
700 ## - ADDED ENTRY--PERSONAL NAME
Personal name Jeyathevan V
700 ## - ADDED ENTRY--PERSONAL NAME
Personal name Leong Y S
942 ## - ADDED ENTRY ELEMENTS (KOHA)
Koha item type Journals
Holdings
Withdrawn status Lost status Damaged status Not for loan Home library Current library Shelving location Date acquired Koha item type
      Journals RRII Library RRII Library Rubber chemistry 17/12/2021 Journals